| 000 | 00598nam a22002177a 4500 | ||
|---|---|---|---|
| 003 | LC | ||
| 005 | 20160314154852.0 | ||
| 008 | 121124t xxu||||| |||| 00| 0 eng d | ||
| 020 | _a0440217512 | ||
| 050 |
_aPS 3569 .T33828 _b.St813 1995 |
||
| 082 |
_aFIC _bSt3w 1994 |
||
| 100 |
_aSteel, Danielle _919098 |
||
| 245 |
_aWings / _cDanielle Steel. |
||
| 260 |
_aNew York : _bDell Publishing, _cc1995. |
||
| 300 |
_a474 p. : _c18 cm. |
||
| 650 |
_aDaring _xFiction. _919099 |
||
| 650 |
_aCourage--Fiction. 3. _919100 |
||
| 650 |
_aFreedom _xFiction. _919101 |
||
| 942 |
_2lcc _cBK |
||
| 999 |
_c11144 _d11144 |
||